| 000 | nam a22 a 4500 | ||
|---|---|---|---|
| 999 |
_c951 _d951 |
||
| 003 | AKMAL | ||
| 005 | 20170508095400.0 | ||
| 008 | 170508s2000 my 00 may d | ||
| 020 |
_a9676903981 (kkt.): _cRM12.00 |
||
| 040 | _aAKMAL | ||
| 082 | 0 | 4 | _a297.57 AHM |
| 090 | 0 | 0 |
_a297.57 _bAHM |
| 100 | 0 |
_aAhmad Tarman Qasim _92023 |
|
| 245 | 1 | 0 |
_aBerfikir cerdas dan bijaksana / _cAhmad Tarman Qasim |
| 260 |
_aSelangor : _bThinker's Library, _c2000 |
||
| 300 | 0 | 0 |
_avi, 180ms. ; _c22cm |
| 500 | _aMengandungi ayat-ayat dari Quran | ||
| 650 | 0 |
_aReligious life _xIslam _9819 |
|
| 650 | 0 |
_aKnowledge, Theory of (Islam) _9832 |
|
| 942 |
_2ddc _cBOOK |
||